MARC details
| 000 -LEADER |
| fixed length control field |
02022cas a2200481 a 4500 |
| 001 - CONTROL NUMBER |
| control field |
11150209 |
| 003 - CONTROL NUMBER IDENTIFIER |
| control field |
OSt |
| 005 - DATE AND TIME OF LATEST TRANSACTION |
| control field |
20230704141143.0 |
| 008 - FIXED-LENGTH DATA ELEMENTS--GENERAL INFORMATION |
| fixed length control field |
840621d19531965fr gr i0 a0eng c |
| 010 ## - LIBRARY OF CONGRESS CONTROL NUMBER |
| LC control number |
57000944 |
| 022 ## - INTERNATIONAL STANDARD SERIAL NUMBER |
| International Standard Serial Number |
0549-7175 |
| 035 ## - SYSTEM CONTROL NUMBER |
| System control number |
(OCoLC)ocm10867151 |
| 040 ## - CATALOGING SOURCE |
| Original cataloging agency |
VRR |
| Language of cataloging |
eng |
| Transcribing agency |
VRR |
| Modifying agency |
HUL |
| -- |
DLC |
| -- |
OCL |
| -- |
NLGGC |
| -- |
NIALS |
| -- |
OCLCQ |
| -- |
OCLCF |
| -- |
OCLCO |
| -- |
OCLCA |
| -- |
NLC |
| -- |
OCLCQ |
| 042 ## - AUTHENTICATION CODE |
| Authentication code |
pcc |
| 082 00 - DEWEY DECIMAL CLASSIFICATION NUMBER |
| Classification number |
341.72 |
| Item number |
NAT |
| 110 2# - MAIN ENTRY--CORPORATE NAME |
| Corporate name or jurisdiction name as entry element |
North Atlantic Treaty Organization. |
| 245 14 - TITLE STATEMENT |
| Title |
The North Atlantic Treaty Organization : |
| Remainder of title |
Nato Handbook |
| Statement of responsibility, etc. |
the North Atlantic Treaty Organization. |
| 246 30 - VARYING FORM OF TITLE |
| Title proper/short title |
NATO hand book |
| 246 14 - VARYING FORM OF TITLE |
| Title proper/short title |
NATO handbook |
| Date or sequential designation |
6th ed.-<12th ed.> |
| 260 ## - PUBLICATION, DISTRIBUTION, ETC. (IMPRINT) |
| Place of publication, distribution, etc. |
Paris, France : |
| Name of publisher, distributor, etc. |
The Organization, |
| Date of publication, distribution, etc. |
1953- |
| 300 ## - PHYSICAL DESCRIPTION |
| Extent |
volumes : |
| Other physical details |
illustrations ; |
| Dimensions |
18-22 cm |
| 310 ## - CURRENT PUBLICATION FREQUENCY |
| Current publication frequency |
Biennial, |
| Date of current publication frequency |
1965- |
| 321 ## - FORMER PUBLICATION FREQUENCY |
| Former publication frequency |
Annual, |
| Dates of former publication frequency |
1953-1963 |
| 336 ## - CONTENT TYPE |
| Content type term |
text |
| Content type code |
txt |
| Source |
rdacontent |
| 337 ## - MEDIA TYPE |
| Media type term |
unmediated |
| Media type code |
n |
| Source |
rdamedia |
| 338 ## - CARRIER TYPE |
| Carrier type term |
volume |
| Carrier type code |
nc |
| Source |
rdacarrier |
| 362 0# - DATES OF PUBLICATION AND/OR SEQUENTIAL DESIGNATION |
| Dates of publication and/or sequential designation |
2nd ed., 3rd impression- |
| 362 1# - DATES OF PUBLICATION AND/OR SEQUENTIAL DESIGNATION |
| Dates of publication and/or sequential designation |
Ceased with the 12th ed. in 1965? |
| 550 ## - ISSUING BODY NOTE |
| Issuing body note |
Volumes for 1957 published by NATO's Information Division; 1958-<1965> by its Information Service. |
| 590 ## - LOCAL NOTE (RLIN) |
| Local note |
SERBIB/SERLOC merged record |
| 610 20 - SUBJECT ADDED ENTRY--CORPORATE NAME |
| Corporate name or jurisdiction name as entry element |
North Atlantic Treaty Organization |
| Form subdivision |
Periodicals. |
| 610 27 - SUBJECT ADDED ENTRY--CORPORATE NAME |
| Corporate name or jurisdiction name as entry element |
North Atlantic Treaty Organization. |
| Source of heading or term |
fast |
| Authority record control number |
(OCoLC)fst00529467 |
| 650 17 - SUBJECT ADDED ENTRY--TOPICAL TERM |
| Topical term or geographic name as entry element |
NAVO. |
| Source of heading or term |
gtt |
| 655 #7 - INDEX TERM--GENRE/FORM |
| Genre/form data or focus term |
Periodicals. |
| Source of term |
fast |
| Authority record control number |
(OCoLC)fst01411641 |
| 710 2# - ADDED ENTRY--CORPORATE NAME |
| Corporate name or jurisdiction name as entry element |
North Atlantic Treaty Organization. |
| Subordinate unit |
Information Service. |
| 710 2# - ADDED ENTRY--CORPORATE NAME |
| Corporate name or jurisdiction name as entry element |
North Atlantic Treaty Organization. |
| Subordinate unit |
Information Division. |
| 776 08 - ADDITIONAL PHYSICAL FORM ENTRY |
| Relationship information |
Online version: |
| Main entry heading |
North Atlantic Treaty Organization. |
| Title |
North Atlantic Treaty Organization |
| Record control number |
(OCoLC)655055538 |
| 780 00 - PRECEDING ENTRY |
| Main entry heading |
North Atlantic Treaty Organization. |
| Title |
NATO handbook (1952) |
| Record control number |
(DLC) 86655501 |
| -- |
(OCoLC)5656195 |
| 785 00 - SUCCEEDING ENTRY |
| Main entry heading |
North Atlantic Treaty Organization. |
| Title |
NATO handbook (1967) |
| Record control number |
(DLC) 75613327 |
| -- |
(OCoLC)3663958 |
| 906 ## - LOCAL DATA ELEMENT F, LDF (RLIN) |
| a |
7 |
| b |
cbc |
| c |
serials |
| d |
u |
| e |
ncip |
| f |
19 |
| g |
n-oclcserc |
| 942 ## - ADDED ENTRY ELEMENTS (KOHA) |
| Source of classification or shelving scheme |
Dewey Decimal Classification |
| Koha item type |
Books |